000 00331pam a2200157a 44500
008 230515b1991 xxu||||| |||| 00| 0 eng d
020 _aNULL
041 _aENGLISH
082 _a630
100 _aBHAGWAT S W
245 _aINTRODUCING FLUID POWER
250 _a0
260 _aN
_bN/A
_c1991
300 _a300
650 _aNULL
999 _c651222
_d651222